| 000 | 00997nam a2200265Ia 4500 | ||
|---|---|---|---|
| 003 | OSt | ||
| 005 | 20221005104635.0 | ||
| 006 | a|||||r|||| 00| 0 | ||
| 007 | ta | ||
| 008 | 221004b |||||||| |||| 00| 0 eng d | ||
| 020 |
_a8170551382 (hbk) _c2250 |
||
| 024 | _a88423 | ||
| 037 |
_b518, 25/03/2008, Vani Prakashan _cTextual |
||
| 040 |
_aCRL _cCRL _beng |
||
| 041 |
_2eng _aeng |
||
| 082 | _aO152:g, P7 | ||
| 100 | _aपालीवाल, कृष्णदत्त | ||
| 245 | 0 | _aहिन्दी आलोचना के नये वैचारिक सरोकार | |
| 246 | _aHindī ālochanā ke naye vaichārik sarokāra | ||
| 260 |
_aदिल्ली _bवाणी प्रकाशन भारत _c2007 |
||
| 300 |
_a453पृ0 _ccm. |
||
| 650 | _aहिन्दी साहित्य | ||
| 942 |
_hO152:g, P7 _cTEXL _2cc |
||
| 999 |
_c1013338 _d1013338 |
||